Stations du métro parisien : 2eme arrondissement - Statistiques

Statistiques générales
  • Ce quiz a été pris 20 fois
  • Le résultat moyen est 8 sur 10
Statistiques - réponses
Ligne Station % Correct
3 Bourse
93%
3 Sentier
93%
8 ; 9 Bonne-Nouvelle
87%
8 ; 9 Grands Boulevards
80%
3 ; 7 ; 8 Opéra
80%
3 ; 4 Réaumur-Sébastopol
80%
8 ; 9 Richelieu-Drouot
80%
4 ; 8 ; 9 Strasbourg-Saint-Denis
80%
4 Etienne Marcel
73%
3 Quatre-Septembre
73%
Aucun quiz correspondant
Distribution des résultats
% des personnes avec chaque résultat
Percentile par nombre de réponses
Votre historique - résultats
Vous n’avez pas pris ce quiz